000 00377cam a2200145ua 4500
003 OSt
008 250609b |||||||| |||| 00| 0 eng d
041 _aeng
082 _a624.171
_bSEL/MO
100 _aSelvam, Monicka V K .
_97538
245 _aModern method of structural analysis /
260 _aDelhi :
_bDhanpath Rai and sons ,
_c1989.
300 _a277 ; .
942 _cBK
999 _c9059
_d9059